MARC details
| 000 -LEADER |
| fixed length control field |
03579cam a2200433 a 4500 |
| 001 - CONTROL NUMBER |
| control field |
15849310 |
| 003 - CONTROL NUMBER IDENTIFIER |
| control field |
BDDh-ASL |
| 005 - DATE AND TIME OF LATEST TRANSACTION |
| control field |
20240117062600.0 |
| 008 - FIXED-LENGTH DATA ELEMENTS--GENERAL INFORMATION |
| fixed length control field |
170614m20072009bg ab be 001 0 eng |
| 010 ## - LIBRARY OF CONGRESS CONTROL NUMBER |
| LC control number |
2009346463 |
| 020 ## - INTERNATIONAL STANDARD BOOK NUMBER |
| Canceled/invalid ISBN |
9843000002860 (set) |
| 025 ## - OVERSEAS ACQUISITION NUMBER |
| Overseas acquisition number |
B-E-2009-346463; 17 |
| 037 ## - SOURCE OF ACQUISITION |
| Source of stock number/acquisition |
Asiatic Society of Bangladesh publication |
| Terms of availability |
Tk500 (v. 1 : varies) |
| 040 ## - CATALOGING SOURCE |
| Original cataloging agency |
DLC |
| Transcribing agency |
BDDh-ASL |
| Modifying agency |
BDDh-ASL |
| 042 ## - AUTHENTICATION CODE |
| Authentication code |
lcode |
| -- |
pcc |
| 043 ## - GEOGRAPHIC AREA CODE |
| Geographic area code |
a-bg--- |
| 050 00 - LIBRARY OF CONGRESS CALL NUMBER |
| Classification number |
QK358.7 |
| Item number |
.E53 2007 |
| 082 ## - DEWEY DECIMAL CLASSIFICATION NUMBER |
| Classification number |
503 |
| Item number |
ENC |
| 245 00 - TITLE STATEMENT |
| Title |
Encyclopedia of flora and fauna of Bangladesh, Vol.-7, Angiosperms: Dicotyledons (Balsaminaceae-Euphorbiaceae) / |
| Statement of responsibility, etc. |
chief editor, Zia Uddin Ahmed ; editors, flora, Z.N. Tahmida Begum, M. Abul Hassan, Moniruzzaman Khondeker ; fauna, Syed M. Humayun Kabir ... [et al.]. |
| 246 30 - VARYING FORM OF TITLE |
| Title proper/short title |
Flora and fauna of Bangladesh |
| 260 ## - PUBLICATION, DISTRIBUTION, ETC. |
| Place of publication, distribution, etc. |
Dhaka : |
| Name of publisher, distributor, etc. |
Asiatic Society of Bangladesh, |
| Date of publication, distribution, etc. |
2007-<2009> |
| 300 ## - PHYSICAL DESCRIPTION |
| Extent |
v. <1-26, 28> : |
| Other physical details |
ill. (some col.), maps (some col.) ; |
| Dimensions |
25 cm. |
| 440 ## - SERIES STATEMENT/ADDED ENTRY--TITLE |
| Title |
Asiatic Society of Bangladesh publication; |
| Volume/sequential designation |
no. 103 |
| 9 (RLIN) |
312 |
| 500 ## - GENERAL NOTE |
| General note |
Editors vary in some volumes. |
| 504 ## - BIBLIOGRAPHY, ETC. NOTE |
| Bibliography, etc. note |
Includes bibliographical references and index. |
| 505 1# - FORMATTED CONTENTS NOTE |
| Formatted contents note |
v. 1. Bangladesh profile -- v. 2. Cyanobacteria, bacteria, and fungi -- v. 3. Algae: Chlorophyta (Aphanochaetaceae-Zygnemataceae) -- v. 4. Algae: Charophyta-Rhodophyta (Achnanthaceae-Vaucheriaceae) -- v. 5. Bryophytes, Pteridophytes, and Gymnosperms -- v. 6. Angiosperms: Dicotyledons (Acanthaceae-Asteraceae) -- v. 7. Angiosperms: Dicotyledons (Balsaminaceae-Euphorbiaceae) -- v. 8. Angiosperms: Dicotyledons (Fabaceae-Lythraceae) -- v. 9. Angiosperms: Dicotyledons Magnoliaceae-Punicaceae -- v. 10. Angiosperms: Dicotyledons Renunculaceae-Zygophyllaceae -- v. 11. Angiosperms: Monocotyledons Agavaceae-Najadaceae -- v. 12. Angiosperms: Monocotyledons, Orchidaceae-Zingiberaceae -- v. 13. Cumulative index flora -- v. 14. Protozoa to Gastrotricha -- v. 15. Platyhelminthes and Nematoda -- v. 16. Annelida Echinodermata Acanthocephala and minor phyla -- v. 17. Molluscs -- v. 18., pt. 1. Arthropoda: Archnida -- v. 18, pt. 2. Arthropoda: Crustacea -- v. 19. Arthropoda: Insecta I (Apterygota and Pterygota (Part)) -- v. 20. Arthropoda: Insecta II (Pterygota orders, Homoptera, Hemiptera Thysanoptera) -- v. 21. Arthropoda: Insceta III Pterygota (part), Pterygota orders, Neuroptera, Mecoptera, Lepidoptera, Trichoptera, Diptera, Siphonaptera -- v. 22. Anthropoda insecta IV -- v. 23. Freshwater fishes -- v. 24. Marine fishes -- v. 25. Ambhibians and reptiles -- v. 26. Birds -- v. 28. Cumulative index fauna |
| 650 #0 - SUBJECT ADDED ENTRY--TOPICAL TERM |
| Topical term or geographic name entry element |
Plants |
| Geographic subdivision |
Bangladesh |
| Form subdivision |
Encyclopedias. |
| 9 (RLIN) |
421 |
| 650 #0 - SUBJECT ADDED ENTRY--TOPICAL TERM |
| Topical term or geographic name entry element |
Animals |
| Geographic subdivision |
Bangladesh |
| Form subdivision |
Encyclopedias. |
| 9 (RLIN) |
422 |
| 700 1# - ADDED ENTRY--PERSONAL NAME |
| Personal name |
Ahmed, Zia Uddin |
| 9 (RLIN) |
423 |
| 700 1# - ADDED ENTRY--PERSONAL NAME |
| Personal name |
Tahmida Begum, Z. N. |
| 9 (RLIN) |
424 |
| 700 1# - ADDED ENTRY--PERSONAL NAME |
| Personal name |
Abul Hassan, M. |
| 9 (RLIN) |
425 |
| 700 1# - ADDED ENTRY--PERSONAL NAME |
| Personal name |
Khondeker, Moniruzzaman. |
| 9 (RLIN) |
426 |
| 700 1# - ADDED ENTRY--PERSONAL NAME |
| Personal name |
Kabir, Syed M. Humayun. |
| 9 (RLIN) |
427 |
| 710 1# - ADDED ENTRY--CORPORATE NAME |
| Corporate name or jurisdiction name as entry element |
Asiatic Society of Bangladesh. |
| 9 (RLIN) |
11 |
| 906 ## - LOCAL DATA ELEMENT F, LDF (RLIN) |
| a |
7 |
| b |
cbc |
| c |
origode |
| d |
2 |
| e |
ncip |
| f |
20 |
| g |
y-gencatlg |
| 942 ## - ADDED ENTRY ELEMENTS (KOHA) |
| Source of classification or shelving scheme |
Dewey Decimal Classification |
| Koha item type |
Reference |